banner-ar

مكتبة الاسكندرية : (Record no. 63297)

MARC details
000 -الفاتح
حقل البيانات ثابتة الطول 00870nam a22002177a 4500
005 - وقت وتاريخ اخر تعامل مع التسجيلة
رقم الضبط 20240530110633.0
008 - عناصر البيانات ثابتة الطول - معلومات عامة
حقل البيانات ثابتة الطول 170912s2014 ua a g b 000 0dara d
017 ## - رقم الايداع القانونى
رقم الايداع القانونى 2013/21742
المصدر ( الهيئة المختصة) مصر . دار الكتب المصرية
020 ## - الرقم الدولى المعيارى للكتب
الرقم الدولى المعيارى للكتاب 9789777185615
040 ## - مصدر الفهرسة
وكالة الفهرسة الأصلية EG-CaGPL
082 04 - رقم تصنيف ديوى العشرى
رقم الطبعة 21
رقم التصنيف 072.062\
رقم المادة ق/ج م
100 1# - المدخل الرئيسى - إسم شخصى
الإسم الشخصى جيفنوا ، بابلو دى .
245 10 - بيان العنوان
العنوان مكتبة الاسكندرية :
بقية العنوان فك طلاسم اللغز /
بيان المسئوليه,etc تاليف بابلو دى جيفنوا ؛ ترجمة على ابراهيم منوفى .
250 ## - بيان الطبعة
بيان الطبعة ط.1
260 ## - PUBLICATION, DISTRIBUTION, ETC. (IMPRINT)
تاريخ النشر أو التوزيع 2014 .
300 ## - الوصف المادى
التعداد 422 ص ؛
أبعاد الوعاء 24 سم .
490 0# - بيان السلسلة
عنوان السلسلة المركز القومى للترجمة ؛
رقم المجلد/ التعيين التسلسلي 2254
650 07 - المدخل الاضافى بالموضوع-مصطلح موضوعى
مصطلح موضوعي مكتبة الاسكندرية .
700 0# - المدخل الاضافى - اسم شخصى
الإسم الشخصى على ابراهيم منوفى
الدور مترجم .
942 ## - عناصر المدخل الإضافي( كوها)
مصدر التصنيف او مخطط الترفيف Dewey Decimal Classification
Koha [default] item type كتاب
260 ## - PUBLICATION, DISTRIBUTION, ETC. (IMPRINT)
-- القاهرة :
-- المركز القومى للترجمة ،
Holdings
حالة التراجع حالة الفقد حالة تلف ليس للاعارة المكان المؤقت الموقع الحالى موقع الترفيف تاريخ الاكتساب اجمالي اﻻعارات رقم الطلب الباركود تاريخ اخر مشاهدة تاريخ تفعيل السعر نوع وعاء كوها
        مكتبة القاهرة الكبرى مكتبة القاهرة الكبرى   09/12/2017   072.062\ ق/ج م 163280 09/12/2017 09/12/2017 كتاب

Powered By

EGPV